000 00444nam a2200169Ia 4500
999 _c149
_d149
003 OSt
005 20210906124720.0
008 190216s9999||||xx |||||||||||||| ||und||
040 _coclc
082 _a297.124
_bDER/B
100 _aDerassy, M O
_98701
245 0 _aBulugul Maram /
_cM O Derassy
260 _bAl-Huda Book Stall,
300 _a178p
650 _aArabic
942 _cBK
_2ddc
_h297.124
_iDER/B
_k297.124
_mDER/B